NFL Mascot Blitz Quiz Stats

Quiz Updated Jan 16, 2018

Challenge
Share
Tweet
Score 0/16 Timer 01:30
0 Plays Today
% Correct
Big Red
88.5%
Billy Buffalo
88.2%
Pat the Patriot
88.2%
Staley the Bear
87.3%
Steely McBeam
77%
Captain Fear
75.5%
Jaxson De Ville
73.7%
Roary
64.9%
% Correct
Blue
59.4%
Rampage
52.6%
Miles
50.1%
Swoop
49.3%
T-Rac
48.6%
Chomps
45.1%
Who Dey
43.8%
Blitz
40.6%

You're not logged in!

Compare scores with friends on all Sporcle quizzes.
Join for Free
OR
Log In

You Might Also Like...

Show Comments

Extras

Top Quizzes Today


Score Distribution

Your Account Isn't Verified!

In order to create a playlist on Sporcle, you need to verify the email address you used during registration. Go to your Sporcle Settings to finish the process.

Report this User

Report this user for behavior that violates our Community Guidelines.

Details: